|
|
|
|
| LEADER |
00000nam a2200000 a 4500 |
| 001 |
vtls001360262 |
| 003 |
SK-MaSNL |
| 005 |
20260301115037.0 |
| 008 |
251113s1988 xr 0 cze |
| 035 |
|
|
|a SNK000313815
|
| 040 |
|
|
|a SNK
|b slo
|c SNK
|e AACR2
|
| 041 |
0 |
|
|a cze
|
| 044 |
|
|
|a CZ
|
| 245 |
1 |
|
|a Parciální diferencální rovnice
|n 2
|p Evoluční rovnice
|c [autoři:] Jaroslav Barták, ... [et al.]
|
| 260 |
|
|
|a Praha
|b Státní nakladatelství technické literatury
|c 1988
|
| 300 |
|
|
|a 220 s.
|c 8°
|
| 490 |
1 |
|
|a Matematika pro vysoké školy technické
|v seš. 21
|
| 700 |
1 |
|
|a Barták, Jaroslav
|4 aut
|9 279090
|
| 830 |
|
0 |
|a Matematika pro vysoké školy technické
|9 459411
|
| 958 |
|
|
|a RK
|
| 958 |
|
|
|a OND
|
| 999 |
|
|
|c 720739
|d 722669
|
| 952 |
|
|
|t P60, <04>, [BOOK], {604}
|a SNK
|b SNK
|y VYP
|7 0
|o snkIC 108967/2
|i snkKIP 7803/88
|0 0
|1 0
|4 0
|d 1999-04-16
|l 0
|r 2005-01-02 00:00:00
|w 2026-02-23
|
| 952 |
|
|
|t P60, <04>, [BOOK], {604}
|a SNK
|b SNK
|y VYP
|7 0
|p 17A0366590
|o snkIC 108967/2 D1
|i snkKIP 7804/88
|0 0
|1 1
|4 0
|d 1999-04-16
|l 0
|r 2005-01-02 00:00:00
|w 2026-02-23
|